| 000 | 00575nam a2200193 a 4500 | ||
|---|---|---|---|
| 005 | 20240806063834.0 | ||
| 008 | 991125s1987 mx 000 0 spa u | ||
| 035 | _aUPN01000002520 | ||
| 049 | _aF | ||
| 050 | 4 |
_aPQ7297 R89 _bA639 |
|
| 100 | 1 |
_aRulfo, Juan, _d1918-1986 |
|
| 245 | 1 | 0 |
_aAnacleto Morones / _cJuan Rulfo ; tr. Jesús Manuel Palma B. |
| 260 |
_aMéxico : _bINI, _c1987. |
||
| 300 |
_a39 p. : _bil. |
||
| 440 | 0 |
_aCuadernos literarios lengua tarahumara ; _vVIII-4 |
|
| 520 | _aDatos tomados de la cubierta | ||
| 650 | 4 |
_aLiteratura mexicana _94466 |
|
| 905 | _aLibro | ||
| 999 |
_c2520 _d2520 |
||